| 000 | 00852nam a22002295i 4500 | ||
|---|---|---|---|
| 001 | 175048 | ||
| 003 | ES-MaACL | ||
| 005 | 20251003063152.0 | ||
| 008 | 101001s1945 sp |||| | spa d | ||
| 080 | _a631.4 | ||
| 100 | 1 |
_aAlbareda Herrera, José María, _d1902-1966 _9157514 |
|
| 245 | 1 | 0 |
_aOrigen y formación del humus / _cpor José Mª Albareda Herrera. |
| 260 |
_a[Madrid] : _bInstituto español de Edafología, Ecología y Fisiología Vegetal, _c1945. |
||
| 300 |
_a92 p. ; _c26 cm. |
||
| 490 | 1 |
_aMonografías de ciencia moderna ; _v4 |
|
| 650 | 1 | 4 |
_aHumus. _9143397 |
| 650 | 0 | 4 |
_aEdafología. _9135952 |
| 710 | 2 |
_aInstituto Español de Edafología, Ecología y Fisiología Vegetal. _9143381 |
|
| 830 | 0 |
_aMonografías de ciencia moderna _v4 _9189470 |
|
| 852 |
_aES-MaACL _jE-13271 _xOlim P-555 bis |
||
| 999 |
_c175048 _d175048 |
||